| 000 | 00560nam a2200193Ia 4500 | ||
|---|---|---|---|
| 003 | IN-BaIIA | ||
| 008 | 211028s9999 xx 000 0 eng d | ||
| 040 | _cIIA Library | ||
| 080 |
_a52 _bSTR |
||
| 100 |
_aStruve, Otto _91244 |
||
| 245 | 0 |
_aAstronomy of the 20th century _cOtto Struve |
|
| 260 |
_aNew York _bMacmillan _c1962 |
||
| 300 | _a544p. | ||
| 500 | _aContains illustrations | ||
| 650 |
_aAstronomy _980 |
||
| 650 | _aAstronomy and Astrophysics Thesaurus | ||
| 650 |
_aAstrophysics _9794 |
||
| 942 | _cBK | ||
| 999 |
_c2086 _d2086 |
||